Curso de historia del pensamiento político

Guardado en:
Detalles Bibliográficos
Autor principal: García Pérez, Constantino (Autor)
Formato: Libro
Lenguaje:español
Publicado: Madrid Revista de Derecho Privado 1984
Colección:Serie Manuales
Materias:
Etiquetas: Agregar Etiqueta
Sin Etiquetas, Sea el primero en etiquetar este registro!

MARC

LEADER 00000nam a2200000 a 4500
001 UCV2829
003 CL-VaPUC
008 921124e19840000SP |||||||||||||||||spa|d
082 0 4 |a 340.1  |b GAR  |2 21 
100 0 |a García Pérez, Constantino  |e author  |9 297086 
245 1 0 |a Curso de historia del pensamiento político 
300 |a 142 p 
942 |c BK 
945 |d 19921124 00:00:00 
260 |a Madrid  |b Revista de Derecho Privado  |c 1984 
650 0 |a Filosofía del derecho   |9 255050 
583 |a last modification  |c 19921124 00:00:00  |k Rodrigo Vera 
490 0 |a Serie Manuales 
999 |c 210302  |d 210300 
952 |0 0  |1 0  |4 0  |6 340_100000000000000_GAR_1984  |7 0  |8 DER_TF  |9 186423  |a BIBDER  |b BIBDER  |d 2019-11-14  |i 2539055  |o 340.1 GAR 1984  |p 2539055  |r 2023-01-25  |w 2019-11-14  |x Ubicación 4to Piso  |y BK  |z Estos recursos deben solicitarse con anticipación  |k DER